00667nam a2200157Ia 4500008004100000100001800041245008700059245014100146260004900287260000900336300001100345650001300356856004800369999001900417952007300436170221s9999 xx 000 0 und d aEddy J. Burks aUsing Technology to Satisfy the Material Participation Requirement of IRC Sec. 471 cEddy J. Burks, Troy University; Stanley X. Lewis, Jr., Troy University; Amanda N. Paul, Troy University; C. Lee Daniel, Troy University. bJournal of Management and Marketing Research c2016 a15 : 8 xBusiness uhttp://www.aabri.com/manuscripts/111004.pdf c311784d311784 001040aCLbCLd2017-02-21l0r2017-02-21 00:00:00w2017-02-21yFOJ